| 000 | 01082nam a2200253 a 4500 | ||
|---|---|---|---|
| 005 | 20090901152912.0 | ||
| 008 | 081027s2009 cauab b 001 0 eng | ||
| 010 | _aENG-95018 | ||
| 020 |
_a9788178298856 _c550.00 |
||
| 035 | _aEN-78551 | ||
| 037 | _bDBAD / PUB | ||
| 040 |
_adpl _bEnglish |
||
| 082 | _a307.1412072 | ||
| 100 | _aNarayanasamy, N. | ||
| 245 |
_aParticipatory rural appraisal : _bprinciples, methods and application / _cby N. Narayanasamy |
||
| 260 |
_aNew Delhi _bSAGE Publications, _c2009 |
||
| 270 |
_aB1/I-1 Mohan Cooperative Industrial Area, Mathra Road, _bNew Delhi _e110044 |
||
| 300 |
_axx, 363 p. : _bill., maps ; _c25cm(pbk) |
||
| 504 | _aIncludes glossary, bibliographical references and index | ||
| 650 | _aParticipatory rural appraisal. | ||
| 650 |
_aRural development projects _xCitizen participation. |
||
| 942 |
_2ddc _cEN _h307.1412072 _mNAR |
||
| 999 |
_c29879 _d29879 |
||